000 00510nam a2200169Ia 4500
003 OSt
005 20260310153808.0
008 211028s2012 xx 000 0 und d
040 _cAIMIT LBRARY
041 _aeng
100 _aBangera, Sharath Kumar; Kumar, Rakesh.
_g91756
_93713
110 _aBharathi Pillar.
_93714
245 _aSystem and database maintenance portal : forms and dashboard creation /
260 _aBangalore
_c2012
710 _aKeltron Component Complex Ltd.
_93715
942 _2ddc
_cPRO
999 _c217325
_d217325